| 000 | 00904nam a2200289 i 4500 | ||
|---|---|---|---|
| 001 | 000047417 | ||
| 003 | DO-SdBNP | ||
| 005 | 20260527143801.0 | ||
| 007 | ta | ||
| 008 | 100909t1986 dr 000 0 spa d | ||
| 040 |
_aDO-SdBNP _bspa _cBNPHU _erda |
||
| 041 | _hspa | ||
| 082 | 4 |
_axxx _bH557s _222 |
|
| 100 | 1 |
_aHernández Flores, Ismael, _d1943- _eautor _4aut. _961587 |
|
| 245 | 1 | 0 |
_aSobre nación, Estado y Primera República / _cIsmael Hernández Flores. |
| 250 | _aprimera edición | ||
| 264 | 1 |
_aSanto Domingo : _bEditora Búho, _c1986. |
|
| 300 |
_a127 páginas ; _c22 cm. |
||
| 336 |
_atexto _btxt _2rdacontent |
||
| 337 |
_asin mediación _bn _2rdamedia |
||
| 338 |
_avolumen _bnc _2rdacarrier |
||
| 500 | _aIncluye datos biografícos del autor en la contraportada. | ||
| 504 | _aBibliografía : páginas 123-127. | ||
| 590 | _aInventariado, 2018/ YL | ||
| 910 | _aYL | ||
| 942 |
_2ddc _cLBS1 |
||
| 999 |
_c46905 _d46905 |
||